Lord of the River (Record no. 350601)

000 -LEADER
fixed length control field 00978cam a22003133a 4500
001 - CONTROL NUMBER
control field 14642002
003 - CONTROL NUMBER IDENTIFIER
control field OSt
005 - DATE AND TIME OF LATEST TRANSACTION
control field 20180116183021.0
008 - FIXED-LENGTH DATA ELEMENTS--GENERAL INFORMATION
fixed length control field 820623s1982 onc 000 0 eng d
010 ## - LIBRARY OF CONGRESS CONTROL NUMBER
LC control number 2006594161
020 ## - INTERNATIONAL STANDARD BOOK NUMBER
International Standard Book Number 0553208985
035 ## - SYSTEM CONTROL NUMBER
System control number (OCoLC)ocm08543582
035 ## - SYSTEM CONTROL NUMBER
System control number (OCoLC)8543582
040 ## - CATALOGING SOURCE
Original cataloging agency SLC
Transcribing agency SLC
Modifying agency DLC
042 ## - AUTHENTICATION CODE
Authentication code lccopycat
050 00 - LIBRARY OF CONGRESS CALL NUMBER
Classification number CPB Box no. 2502 vol. 8
082 ## - DEWEY DECIMAL CLASSIFICATION NUMBER
Classification number 813.54 PAY 1982
100 1# - MAIN ENTRY--PERSONAL NAME
Personal name Payne, Charlotte.
245 10 - TITLE STATEMENT
Title Lord of the River
Statement of responsibility, etc. Charlotte Payne ; based on a story by Charles O'Neal.
260 ## - PUBLICATION, DISTRIBUTION, ETC.
Place of publication, distribution, etc. Toronto ;
-- New York :
Name of publisher, distributor, etc. Bantam Books,
Date of publication, distribution, etc. 1982.
300 ## - PHYSICAL DESCRIPTION
Extent 345, [12] p. ;
Dimensions 18 cm.
655 #7 - INDEX TERM--GENRE/FORM
Genre/form data or focus term Love stories.
Source of term gsafd
655 #7 - INDEX TERM--GENRE/FORM
Genre/form data or focus term Historical fiction.
Source of term gsafd
700 1# - ADDED ENTRY--PERSONAL NAME
Personal name O'Neal, Charles,
Dates associated with a name 1904-1996.
710 2# - ADDED ENTRY--CORPORATE NAME
Corporate name or jurisdiction name as entry element Copyright Paperback Collection (Library of Congress)
Institution to which field applies DLC
906 ## - LOCAL DATA ELEMENT F, LDF (RLIN)
a 7
b cbc
c copycat
d 2
e ncip
f 20
g y-genrareb
942 ## - ADDED ENTRY ELEMENTS (KOHA)
Source of classification or shelving scheme
Koha item type Book
Holdings
Withdrawn status Lost status Source of classification or shelving scheme Damaged status Not for loan Collection code Permanent Location Current Location Shelving location Date acquired Total Checkouts Full call number Barcode Date last seen Price effective from Koha item type
      Damaged     Central Library (CL) Central Library (CL) General Stacks 11/20/2015   813.54 PAY 1982 NBSD-2192 11/20/2015 11/20/2015 Book
© 2023 Central Library, National University of Sciences and Technology. All Rights Reserved.